Human Capital as a Source of Competitiveness and Possibilities for Its Investment

Vedomosti, schopnosti a návyky človeka pokladané za osobitnú formu kapitálu, s časovo náročným rozvojom. Intelektuálny kapitál podniku predstavujúci strategicky významné vedomostné aktívum a informácie, ktoré sú zdrojom konkurenčnej výhody podniku. Kvalita intelektuálneho kapitálu (úroveň znalostí a...

ver descrição completa

Na minha lista:
Detalhes bibliográficos
Autor principal: Pusztiová, Lea, 1994-
Outros Autores: Dubcová, Gabriela, 1968-
Formato: Capítulo de Livro
Idioma:eslovaco
Assuntos:
Tags: Adicionar Tag
Sem tags, seja o primeiro a adicionar uma tag!

MARC

LEADER 00000naa$a2200000$$$4500
001 0261140
005 20240502083748.1
041 0 |a slo 
044 |a CZ 
245 1 0 |a Human Capital as a Source of Competitiveness and Possibilities for Its Investment 
520 |a Vedomosti, schopnosti a návyky človeka pokladané za osobitnú formu kapitálu, s časovo náročným rozvojom. Intelektuálny kapitál podniku predstavujúci strategicky významné vedomostné aktívum a informácie, ktoré sú zdrojom konkurenčnej výhody podniku. Kvalita intelektuálneho kapitálu (úroveň znalostí a informácií) priamo ovplyvňujúca kvalitu strategického riadenia organizácie. Využívanie intelektuálneho kapitálu pozitívne ovplyvňujúce kvalitu produktov a služieb podniku, kvalitu podnikových vzťahov, výkonnosť organizácie a jej konkurencieschopnosť. 
610 2 0 |a kapitál ľudský 
610 2 0 |a konkurencieschopnosť 
610 2 0 |a investovanie 
610 2 0 |a riadenie strategické 
610 2 0 |a kvalita 
610 2 0 |a kvalita práce 
610 2 0 |a kapitál intelektuálny 
100 1 |a Pusztiová, Lea, 1994- 
700 1 |a Dubcová, Gabriela, 1968-